The art of invisibility : (Record no. 10333)
[ view plain ]
| 000 -LEADER | |
|---|---|
| fixed length control field | 01270cam a22003137i 4500 |
| 003 - CONTROL NUMBER IDENTIFIER | |
| control field | IMU CC |
| 005 - DATE AND TIME OF LATEST TRANSACTION | |
| control field | 20260307143720.0 |
| 008 - FIXED-LENGTH DATA ELEMENTS--GENERAL INFORMATION | |
| fixed length control field | 160527s2019 nyu b 001 0 eng d |
| 020 ## - INTERNATIONAL STANDARD BOOK NUMBER | |
| International Standard Book Number | 9780316380522 |
| 040 ## - CATALOGING SOURCE | |
| Original cataloging agency | IMU CC |
| Language of cataloging | eng |
| Description conventions | rda |
| 041 0# - LANGUAGE CODE | |
| Language code of text/sound track or separate title | eng |
| 082 04 - DEWEY DECIMAL CLASSIFICATION NUMBER | |
| Edition number | 23 |
| Classification number | 005.8 |
| Item number | MIT |
| 100 ## - MAIN ENTRY--PERSONAL NAME | |
| Personal name | Mitnick, Kevin |
| Relator term | author. |
| 9 (RLIN) | 4436 |
| 245 14 - TITLE STATEMENT | |
| Title | The art of invisibility : |
| Remainder of title | the world's most famous hacker teaches you how to be safe in the age of big brother and big data / |
| Statement of responsibility, etc. | Kevin Mitnick with Robert Vamosi ; foreword by Mikko Hypponen. |
| 260 ## - PUBLICATION, DISTRIBUTION, ETC. | |
| Place of publication, distribution, etc. | New York : |
| Name of publisher, distributor, etc. | Back Bay Books | Little, Brown and Company, |
| Date of publication, distribution, etc. | 2019. |
| 300 ## - PHYSICAL DESCRIPTION | |
| Extent | x, 308 p. ; |
| Dimensions | 21 cm. |
| 336 ## - CONTENT TYPE | |
| Content type term | text |
| Content type code | txt |
| Source | rdacontent |
| 500 ## - GENERAL NOTE | |
| General note | "Originally published in hardcover by Little, Brown and Company, February 2017"--Title page verso. |
| 500 ## - GENERAL NOTE | |
| General note | "First Back Bay Books trade paperback edition, September 2019"--Title page verso. |
| 504 ## - BIBLIOGRAPHY, ETC. NOTE | |
| Bibliography, etc. note | Includes bibliographical references (pages 283-298) and index. |
| 650 #0 - SUBJECT ADDED ENTRY--TOPICAL TERM | |
| Topical term or geographic name entry element | Internet |
| General subdivision | Security measures. |
| 9 (RLIN) | 4437 |
| 650 #0 - SUBJECT ADDED ENTRY--TOPICAL TERM | |
| Topical term or geographic name entry element | Computer security. |
| 9 (RLIN) | 4054 |
| 650 #0 - SUBJECT ADDED ENTRY--TOPICAL TERM | |
| Topical term or geographic name entry element | Data protection. |
| 9 (RLIN) | 4438 |
| 650 #0 - SUBJECT ADDED ENTRY--TOPICAL TERM | |
| Topical term or geographic name entry element | Securite informatique. |
| 9 (RLIN) | 4439 |
| 700 ## - ADDED ENTRY--PERSONAL NAME | |
| Personal name | Vamosi, Robert |
| Relator term | author. |
| 9 (RLIN) | 4440 |
| 700 ## - ADDED ENTRY--PERSONAL NAME | |
| Personal name | Hypponen, Mikko |
| 9 (RLIN) | 4617 |
| 856 ## - ELECTRONIC LOCATION AND ACCESS | |
| Link text | BK |
| 942 ## - ADDED ENTRY ELEMENTS (KOHA) | |
| Koha item type | Books |
| Source of classification or shelving scheme | Dewey Decimal Classification |
| Withdrawn status | Lost status | Source of classification or shelving scheme | Damaged status | Not for loan | Home library | Current library | Shelving location | Date acquired | Source of acquisition | Cost, normal purchase price | Total Checkouts | Full call number | Barcode | Date last seen | Price effective from | Koha item type | Total Renewals | Date last checked out |
|---|---|---|---|---|---|---|---|---|---|---|---|---|---|---|---|---|---|---|
| Dewey Decimal Classification | IMU Chennai Uthandi Library | IMU Chennai Uthandi Library | General Stacks | 03/11/2025 | M/s. T V Enterprises; 414/25-26 Dt.13.10.2025 | 1909.00 | 005.8 MIT | 24034 | 03/11/2025 | 03/11/2025 | Books | |||||||
| Dewey Decimal Classification | IMU Chennai Uthandi Library | IMU Chennai Uthandi Library | General Stacks | 03/11/2025 | M/s. T V Enterprises; 414/25-26 Dt.13.10.2025 | 1909.00 | 005.8 MIT | 24035 | 03/11/2025 | 03/11/2025 | Books | |||||||
| Dewey Decimal Classification | IMU Chennai Uthandi Library | IMU Chennai Uthandi Library | General Stacks | 03/11/2025 | M/s. T V Enterprises; 414/25-26 Dt.13.10.2025 | 1909.00 | 005.8 MIT | 24036 | 03/11/2025 | 03/11/2025 | Books | |||||||
| Dewey Decimal Classification | IMU Chennai Uthandi Library | IMU Chennai Uthandi Library | General Stacks | 03/11/2025 | M/s. T V Enterprises; 414/25-26 Dt.13.10.2025 | 1909.00 | 005.8 MIT | 24037 | 03/11/2025 | 03/11/2025 | Books | |||||||
| Dewey Decimal Classification | IMU Chennai Uthandi Library | IMU Chennai Uthandi Library | General Stacks | 03/11/2025 | M/s. T V Enterprises; 414/25-26 Dt.13.10.2025 | 1909.00 | 005.8 MIT | 24038 | 03/11/2025 | 03/11/2025 | Books | |||||||
| Dewey Decimal Classification | IMU Chennai Uthandi Library | IMU Chennai Uthandi Library | General Stacks | 03/11/2025 | M/s. T V Enterprises; 414/25-26 Dt.13.10.2025 | 1909.00 | 005.8 MIT | 24039 | 03/11/2025 | 03/11/2025 | Books | |||||||
| Dewey Decimal Classification | IMU Chennai Uthandi Library | IMU Chennai Uthandi Library | General Stacks | 03/11/2025 | M/s. T V Enterprises; 414/25-26 Dt.13.10.2025 | 1909.00 | 005.8 MIT | 24040 | 03/11/2025 | 03/11/2025 | Books | |||||||
| Dewey Decimal Classification | IMU Chennai Uthandi Library | IMU Chennai Uthandi Library | General Stacks | 03/11/2025 | M/s. T V Enterprises; 414/25-26 Dt.13.10.2025 | 1909.00 | 005.8 MIT | 24041 | 03/11/2025 | 03/11/2025 | Books | |||||||
| Dewey Decimal Classification | IMU Chennai Uthandi Library | IMU Chennai Uthandi Library | General Stacks | 03/11/2025 | M/s. T V Enterprises; 414/25-26 Dt.13.10.2025 | 1909.00 | 005.8 MIT | 24042 | 03/11/2025 | 03/11/2025 | Books | |||||||
| Dewey Decimal Classification | IMU Chennai Uthandi Library | IMU Chennai Uthandi Library | General Stacks | 03/11/2025 | M/s. T V Enterprises; 414/25-26 Dt.13.10.2025 | 1909.00 | 1 | 005.8 MIT | 24043 | 05/05/2026 | 03/11/2025 | Books | 2 | 17/03/2026 |